Maai Janatay / (Record no. 331126)

000 -LEADER
fixed length control field 00772cam a22002411a 4500
001 - CONTROL NUMBER
control field 6235936
003 - CONTROL NUMBER IDENTIFIER
control field NUST
005 - DATE AND TIME OF LATEST TRANSACTION
control field 20170915111212.0
008 - FIXED-LENGTH DATA ELEMENTS--GENERAL INFORMATION
fixed length control field 941025s1975 pk 000 1 urdo
010 ## - LIBRARY OF CONGRESS CONTROL NUMBER
LC control number 77938638
020 ## - INTERNATIONAL STANDARD BOOK NUMBER
International Standard Book Number 9789693522006
035 ## - SYSTEM CONTROL NUMBER
System control number (OCoLC)31355075
040 ## - CATALOGING SOURCE
Original cataloging agency DLC
Transcribing agency WaU
Modifying agency DLC
042 ## - AUTHENTICATION CODE
Authentication code premarc
050 00 - LIBRARY OF CONGRESS CALL NUMBER
Classification number PK2200.H357
Item number R3
082 ## - DEWEY DECIMAL CLASSIFICATION NUMBER
Classification number 891.4393
Author Mark MAN
100 1# - MAIN ENTRY--PERSONAL NAME
Personal name Manṭo, Saʻādat Ḥasan,
Dates associated with a name 1912-1955.
9 (RLIN) 1443
245 10 - TITLE STATEMENT
Title Maai Janatay /
Statement of responsibility, etc. Saʻādat Ḥasan Manṭo.
260 ## - PUBLICATION, DISTRIBUTION, ETC.
Place of publication, distribution, etc. Lāhore :
Name of publisher, distributor, etc. Ẓafar Brādarz ; Taqsīm kār, Intik̲h̲āb-i Adab,
Date of publication, distribution, etc. 2009
300 ## - PHYSICAL DESCRIPTION
Extent 190 p. ;
Dimensions 18 cm.
500 ## - GENERAL NOTE
General note In Urdu.
500 ## - GENERAL NOTE
General note Short stories.
546 ## - LANGUAGE NOTE
Language note In Urdu
650 ## - SUBJECT ADDED ENTRY--TOPICAL TERM
Topical term or geographic name entry element Urdu Literature- Short Stories
9 (RLIN) 4607
880 ## - ALTERNATE GRAPHIC REPRESENTATION
Linkage 100-01\(3\r
Title سعادت حسن منٹو
880 ## - ALTERNATE GRAPHIC REPRESENTATION
Linkage 245-02\(3\r
Title مائی جنتے
c سعادت حسن منٹو
880 ## - ALTERNATE GRAPHIC REPRESENTATION
Linkage 260-03\(3\r
Title لاہور:
b سنگ میل پبلی کیشنز،
c 2009
906 ## - LOCAL DATA ELEMENT F, LDF (RLIN)
a 7
b cbc
c oclcrpl
d u
e ncip
f 19
g y-gencatlg
942 ## - ADDED ENTRY ELEMENTS (KOHA)
Source of classification or shelving scheme
Koha item type Book
Holdings
Withdrawn status Lost status Source of classification or shelving scheme Damaged status Not for loan Permanent Location Current Location Shelving location Date acquired Total Checkouts Total Renewals Full call number Barcode Date last seen Date last checked out Copy number Price effective from Koha item type
          Central Library (CL) Central Library (CL) Fiction 09/15/2017 13 4 891.4393 MAN CL3220 04/14/2026 02/25/2026 1 09/15/2017 Book
© 2023 Central Library, National University of Sciences and Technology. All Rights Reserved.